|
|
|
|
| LEADER |
00000nam0a2200000 4500 |
| 001 |
345182 |
| 005 |
20231215113250.0 |
| 010 |
|
|
|a 9785438709299
|
| 035 |
|
|
|a (RuTPU)RU\TPU\book\377015
|
| 090 |
|
|
|a 345182
|
| 100 |
|
|
|a 20200924d2020 m y0rusy50 ca
|
| 101 |
0 |
|
|a rus
|
| 102 |
|
|
|a RU
|
| 105 |
|
|
|a a j 001zy
|
| 200 |
1 |
|
|a Микроэлектроника. Лабораторный практикум
|e учебно-методическое пособие
|f Д. Н. Огородников
|g Национальный исследовательский Томский политехнический университет
|
| 210 |
|
|
|a Томск
|c Изд-во ТПУ
|d 2020
|
| 215 |
|
|
|a 101 с.
|c ил.
|
| 320 |
|
|
|a Библиография в конце работ
|
| 330 |
|
|
|a Пособие включает лабораторные работы по применению аналоговых интегральных микросхем: операционных усилителей, компараторов и таймера Приведены методические указания к выполнению лабораторных работ по дисциплине «Микроэлектроника». Описаны типовые схемы включения операционных усилителей, а также схемы нелинейных преобразователей, генераторов синусоидальных и импульсных сигналов. Предназначено для студентов, обучающихся по направлениям 11.03.04 "Электроника и наноэлектроника" и 12.03.04 "Биотехнические системы и технологии".
|
| 606 |
1 |
|
|a Микроэлектроника
|2 stltpush
|3 (RuTPU)RU\TPU\subj\43811
|9 63253
|
| 610 |
1 |
|
|a аналоговые сигналы
|
| 610 |
1 |
|
|a функциональные преобразователи
|
| 610 |
1 |
|
|a логарифмические усилители
|
| 610 |
1 |
|
|a антилогарифмические усилители
|
| 610 |
1 |
|
|a автогенераторы
|
| 610 |
1 |
|
|a генераторы импульсов
|
| 610 |
1 |
|
|a амплитудные модуляторы
|
| 610 |
1 |
|
|a детекторы
|
| 610 |
1 |
|
|a частотно-импульсные модуляторы
|
| 610 |
1 |
|
|a лабораторные практикумы
|
| 610 |
1 |
|
|a учебно-методические пособия
|
| 610 |
1 |
|
|a труды учёных ТПУ
|
| 675 |
|
|
|a 621.382.049.77(076.5)
|v 4
|
| 700 |
|
1 |
|a Огородников
|b Д. Н.
|c специалист в области электроники
|c доцент Томского политехнического университета, кандидат технических наук
|f 1974-
|g Дмитрий Николаевич
|3 (RuTPU)RU\TPU\pers\25904
|9 11755
|
| 712 |
0 |
2 |
|a Национальный исследовательский Томский политехнический университет
|c (2009- )
|3 (RuTPU)RU\TPU\col\15902
|9 26305
|
| 801 |
|
1 |
|a RU
|b 63413507
|c 20200924
|
| 801 |
|
2 |
|a RU
|b 63413507
|c 20201111
|g RCR
|
| 942 |
|
|
|c BK
|